000 00576nam a2200229Ia 4500
005 20250425161442.0
008 250425s9999 xx 000 0 und d
020 _a070016003
041 _aeng
082 _a622.1828
100 _aAMYX, JAMES W.
245 0 _aPETROLEUM RESERVOIR ENGINEERING: PHYSICAL PROPERTIES
250 _a1ST ED.
260 _aEstados Unidos
_bMCGRAW - HILL
_c1960
260 _aNEW YORK
300 _a609
650 _aINGENIERIA PETROLERA
700 _aBASS, DANIEL M.
700 _aWHITING, ROBERT L.
942 _c01
010 _a20678
999 _c209575
_d209575